| 000 | 00465nam a2200133Ia 4500 | ||
|---|---|---|---|
| 008 | 231129s9999||||xx |||||||||||||| ||spa|| | ||
| 020 | _a84-413-1793-3 | ||
| 040 | _bspa | ||
| 082 | _a745.9 S541f | ||
| 100 | _aSheen Joanna | ||
| 245 | 0 | _aFragancias con flores: Taller de manualidades. Más de 60 ideas para crear esencias perfumes cosméticos y lociones naturales | |
| 264 | _aBarcelona España : Folio | ||
| 942 |
_2ddc _cBKS |
||
| 999 |
_c14132 _d14132 |
||